000 00479nam a22001697a 4500
005 20251108165344.0
008 250721s2002 xx 000 0 ara d
082 1 4 _a321.8/فاخ
100 1 _aفاخوري، جلال زواد
245 1 0 _aالديمقراطية و الدكتاتورية /
264 1 _aعمان :
_bالمؤلف،
_c2002.
300 _a268ص
650 1 7 _aالديمقراطية
650 1 7 _aالدكتاتورية
942 _2ddc
_cBK
999 _c25903
_d25903